| 000 | 01245nam a2200217Ia 4500 | ||
|---|---|---|---|
| 999 |
_c37448 _d37448 |
||
| 001 | 3407 | ||
| 003 | GE_BSU | ||
| 005 | 20190607180100.0 | ||
| 008 | 181216s1966||||ge |||||||||||||| ||geo|| | ||
| 040 | _cGE_BSU | ||
| 041 | _ageo | ||
| 080 | _a621.3.01(075.8) ნ–44 | ||
| 100 |
_aნეიმანი,ლეონიდ. _92285 |
||
| 245 |
_aელექტროტექნიკის თეორიული საფუძვლები სამ ნაწილად. ნაწ. მეორე : ცვლადი დენის წრედების თეორია : სახელმძღვ. / _cლეონიდ ნეიმანი ; პ. კალანტაროვა. |
||
| 250 | _aთარგმ. მე-5 გადამუშ. რუს. გამოცემიდან. | ||
| 264 |
_aთბილისი : _bგანათლება, _c1966. |
||
| 300 |
_a503 გვ .: _c22 სმ. _eნახაზები. |
||
| 653 | _aელექტროტექნიკის თეორიული საფუძვლები. ცვლადი დენის წრედების თეორია | ||
| 700 |
_aკალანტაროვა, პ _92286 |
||
| 942 |
_cBK _2udc |
||